| 000 | 00508nam a22001937a 4500 | ||
|---|---|---|---|
| 003 | NUST - PNEC | ||
| 005 | 20170116180759.0 | ||
| 008 | 150410b xxu||||| |||| 00| 0 eng d | ||
| 020 | _a- | ||
| 040 | _cLIBRARY | ||
| 082 | _a2*97.22 SID | ||
| 100 |
_92356 _aSiddiqui Abdul Hameed |
||
| 245 |
_aIslam And The Remaking Of Humanity _cAbdul Hameed Siddiqui |
||
| 250 | _a1st Ed | ||
| 260 |
_aPakistan _bKazi Publictions _cC1978. |
||
| 300 | _a248p. : | ||
| 650 |
_92357 _aIslam _xGeneral |
||
| 942 |
_2ddc _cBK |
||
| 999 |
_c62877 _d62877 |
||